header

MCTS Windows Server 2008 70-642 Q&A (Record no. 57850)

MARC details
000 -LEADER
fixed length control field 01220nam a2200289Ia 4500
100 1# - MAIN ENTRY--AUTHOR NAME
Personal name Askmo, Pierre.
245 10 - TITLE STATEMENT
Title MCTS Windows Server 2008 70-642 Q&A
260 ## - PUBLICATION, DISTRIBUTION, ETC. (IMPRINT)
Place of publication Australia ;
-- United States :
Name of publisher Course Technology/Cengage Learning,
Year of publication c2009.
300 ## - PHYSICAL DESCRIPTION
Number of Pages viii, 264 p.
650 #0 - SUBJECT ADDED ENTRY--TOPICAL TERM
Topical Term Electronic data processing personnel
856 40 - ELECTRONIC LOCATION AND ACCESS
Uniform Resource Identifier http://site.ebrary.com/lib/rucke/Doc?id=10314628

No items available.

© 2026 Rongo University
Contact us: librarian | system librarian | Rongo university